Ausgewählte Werke (Record no. 4984)
[ view plain ]
| 000 -LEADER | |
|---|---|
| fixed length control field | 00795cam a22002171 4500 |
| 001 - CONTROL NUMBER | |
| control field | af 48002345 |
| 003 - CONTROL NUMBER IDENTIFIER | |
| control field | DLC |
| 005 - DATE AND TIME OF LATEST TRANSACTION | |
| control field | 20260227110854.0 |
| 008 - FIXED-LENGTH DATA ELEMENTS--GENERAL INFORMATION | |
| fixed length control field | 841207s1944 gw 000 1 ger c |
| 010 ## - LIBRARY OF CONGRESS CONTROL NUMBER | |
| LC control number | af 48002345 |
| 035 ## - SYSTEM CONTROL NUMBER | |
| System control number | (OCoLC)11463355 |
| 040 ## - CATALOGING SOURCE | |
| Original cataloging agency | California. Univ. Libr. |
| Transcribing agency | ICarbS |
| Modifying agency | ICarbS |
| -- | DLC |
| 042 ## - AUTHENTICATION CODE | |
| Authentication code | premarc |
| 050 00 - LIBRARY OF CONGRESS CALL NUMBER | |
| Classification number | PT6434.L6 |
| Item number | A44 |
| 100 1# - MAIN ENTRY--PERSONAL NAME | |
| Personal name | Streuvels, Stijn, |
| Dates associated with a name | 1871-1969. |
| 240 10 - UNIFORM TITLE | |
| Uniform title | Works. |
| Form subheading | Selections |
| 245 10 - TITLE STATEMENT | |
| Title | Ausgewählte Werke |
| Statement of responsibility, etc. | [von] Stijn Streuvels [pseud.] |
| 260 ## - PUBLICATION, DISTRIBUTION, ETC. | |
| Place of publication, distribution, etc. | Stuttgart, |
| Name of publisher, distributor, etc. | Engelhornverlag |
| Date of publication, distribution, etc. | [1944] |
| 300 ## - PHYSICAL DESCRIPTION | |
| Extent | 2 v. |
| Dimensions | 21 cm. |
| 505 0# - FORMATTED CONTENTS NOTE | |
| Formatted contents note | 1. Bd. Das heisse Leben. Knecht Jan. Liebesspiel in Flandern. Prütske.--2. Bd. Der Flachsacker. Kinderseelchen. Die Männer am feurigen Ofen. Die grosse Brücke. Das herrliche Sonnenlicht. |
No items available.